Statistics for Etymology: Part Two

Click here to take the quiz!

General Stats

  • This quiz has been taken 22 times
  • The average score is 166 of 192

Answer Stats

QuestionTileSelect% Correct
I'm Greek for, "Without Appetite"CalciumNo
100%
I'm Greek for, "Without Appetite"CerebellumNo
100%
I'm Greek for, "Without Appetite"ChlorineNo
100%
I'm Greek for, "Without Appetite"InsomniaNo
100%
I'm Greek for, "Without Appetite"MedullaNo
100%
I'm Greek for, "Without Appetite"MelatoninNo
100%
I'm Greek for, "Without Appetite"PhobiaNo
100%
I'm Greek for, "Without Appetite"PinealNo
100%
I'm Greek for, "Without Appetite"PituitaryNo
100%
I'm Greek for, "Without Appetite"PonsNo
100%
I'm Greek for, "Without Appetite"PotassiumNo
100%
I'm Greek for, "Without Appetite"PsychiatryNo
100%
I'm Greek for, "Without Appetite"SodiumNo
100%
In Greek, my name means "Pale Green."AnorexiaNo
94%
In Latin, my name means "Pine cone."AnorexiaNo
94%
In Latin, I mean "Marrow" or "Inner".AnorexiaNo
94%
I'm Greek for, "Without Appetite"AnorexiaYes
94%
In Latin, my name means "Pine cone."CalciumNo
94%
In Greek, my name means "Pale Green."CalciumNo
94%
In Greek, my name means "Pale Green."CerebellumNo
94%
In Latin, my name means "Pine cone."CerebellumNo
94%
In Latin, my name means "Pine cone."ChlorineNo
94%
In Latin, I mean "Marrow" or "Inner".ChlorineNo
94%
In Latin, my name means "Pine cone."InsomniaNo
94%
In Greek, my name means "Pale Green."InsomniaNo
94%
In Latin, my name means "Pine cone."MelatoninNo
94%
In Latin, I mean "Marrow" or "Inner".MelatoninNo
94%
In Latin, my name means "Pine cone."PhobiaNo
94%
In Greek, my name means "Pale Green."PhobiaNo
94%
In Latin, I mean "Marrow" or "Inner".PhobiaNo
94%
In Greek, my name means "Pale Green."PinealNo
94%
In Greek, my name means "Pale Green."PituitaryNo
94%
In Latin, I mean "Marrow" or "Inner".PonsNo
94%
In Greek, my name means "Pale Green."PonsNo
94%
In Latin, I mean "Marrow" or "Inner".PotassiumNo
94%
In Latin, my name means "Pine cone."PotassiumNo
94%
In Latin, my name means "Pine cone."PsychiatryNo
94%
In Greek, my name means "Pale Green."PsychiatryNo
94%
In Latin, I mean "Marrow" or "Inner".PsychiatryNo
94%
In Latin, my name means "Pine cone."SodiumNo
94%
In Latin, I mean "Marrow" or "Inner".SodiumNo
94%
In Greek, my name means "Pale Green."SodiumNo
94%
I'm Greek for, "Without Appetite"ThalamusNo
94%
In Latin, I mean "Marrow" or "Inner".ThalamusNo
94%
In Latin, my name means "Pine cone."ThalamusNo
94%
I'm Greek for, "Without Appetite"ThyroidNo
94%
In Latin, my name means "Pine cone."ThyroidNo
94%
I'm Greek for "Chamber"AnorexiaNo
89%
I'm "Panic" in Greek.AnorexiaNo
89%
I'm Latin for "Little Brain."AnorexiaNo
89%
I'm Greek for "Lime"AnorexiaNo
89%
I'm Latin for "Bridge."AnorexiaNo
89%
I'm Latin for "Mucous."AnorexiaNo
89%
My name means "Dark/Black" in Greek.AnorexiaNo
89%
I'm Latin for "Little Brain."CalciumNo
89%
I'm Latin for "Mucous."CalciumNo
89%
I'm "Panic" in Greek.CalciumNo
89%
In Latin, I mean "Marrow" or "Inner".CalciumNo
89%
I'm Latin for "Bridge."CalciumNo
89%
My name means "Dark/Black" in Greek.CerebellumNo
89%
I'm "Panic" in Greek.CerebellumNo
89%
I'm Latin for "Bridge."CerebellumNo
89%
I'm Greek for "Lime"CerebellumNo
89%
In Latin, I mean "Marrow" or "Inner".CerebellumNo
89%
I'm "Panic" in Greek.ChlorineNo
89%
I'm Greek for "Chamber"ChlorineNo
89%
I'm Latin for "Bridge."ChlorineNo
89%
I'm Latin for "Little Brain."ChlorineNo
89%
My name means "Dark/Black" in Greek.ChlorineNo
89%
I'm Latin for "Bridge."InsomniaNo
89%
In Latin, I mean "Marrow" or "Inner".InsomniaNo
89%
I'm Greek for "Chamber"InsomniaNo
89%
I'm Latin for "Mucous."InsomniaNo
89%
I'm Greek for "Lime"InsomniaNo
89%
I'm Latin for "Little Brain."InsomniaNo
89%
I'm "Panic" in Greek.InsomniaNo
89%
In Greek, my name means "Pale Green."MedullaNo
89%
I'm "Panic" in Greek.MedullaNo
89%
In Latin, my name means "Pine cone."MedullaNo
89%
I'm Latin for "Bridge."MedullaNo
89%
I'm Latin for "Bridge."MelatoninNo
89%
I'm Greek for "Chamber"MelatoninNo
89%
I'm Latin for "Little Brain."MelatoninNo
89%
I'm Greek for "Lime"MelatoninNo
89%
I'm "Panic" in Greek.MelatoninNo
89%
In Greek, my name means "Pale Green."MelatoninNo
89%
I'm Latin for "Little Brain."PhobiaNo
89%
I'm Latin for "Bridge."PhobiaNo
89%
I'm Greek for "Chamber"PhobiaNo
89%
I'm Latin for "Mucous."PhobiaNo
89%
I'm Greek for "Lime"PhobiaNo
89%
I'm Latin for "Bridge."PinealNo
89%
I'm Latin for "Little Brain."PinealNo
89%
I'm Latin for "Mucous."PinealNo
89%
I'm "Panic" in Greek.PinealNo
89%
My name means "Dark/Black" in Greek.PinealNo
89%
I'm Latin for "Little Brain."PituitaryNo
89%
My name means "Dark/Black" in Greek.PituitaryNo
89%
In Latin, I mean "Marrow" or "Inner".PituitaryNo
89%
I'm "Panic" in Greek.PituitaryNo
89%
I'm "Panic" in Greek.PonsNo
89%
I'm Latin for "Little Brain."PonsNo
89%
In Latin, my name means "Pine cone."PonsNo
89%
I'm Greek for "Chamber"PotassiumNo
89%
I'm "Panic" in Greek.PotassiumNo
89%
I'm Latin for "Little Brain."PotassiumNo
89%
In Greek, my name means "Pale Green."PotassiumNo
89%
I'm Latin for "Bridge."PotassiumNo
89%
I'm Latin for "Mucous."PotassiumNo
89%
My name means "Dark/Black" in Greek.PotassiumNo
89%
I'm Greek for "Lime"PotassiumNo
89%
I'm Greek for "Lime"PsychiatryNo
89%
I'm Latin for "Mucous."PsychiatryNo
89%
I'm Latin for "Little Brain."PsychiatryNo
89%
I'm Latin for "Bridge."PsychiatryNo
89%
My name means "Dark/Black" in Greek.PsychiatryNo
89%
I'm "Panic" in Greek.PsychiatryNo
89%
My name means "Dark/Black" in Greek.SodiumNo
89%
I'm Latin for "Little Brain."SodiumNo
89%
I'm "Panic" in Greek.SodiumNo
89%
I'm Greek for "Chamber"SodiumNo
89%
I'm Latin for "Bridge."SodiumNo
89%
I'm "Panic" in Greek.ThalamusNo
89%
I'm Latin for "Little Brain."ThalamusNo
89%
My name means "Dark/Black" in Greek.ThalamusNo
89%
In Greek, my name means "Pale Green."ThalamusNo
89%
In Latin, I mean "Marrow" or "Inner".ThyroidNo
89%
I'm Latin for "Bridge."ThyroidNo
89%
In Greek, my name means "Pale Green."ThyroidNo
89%
I'm Latin for "Little Brain."ThyroidNo
89%
I'm "Panic" in Greek.ThyroidNo
89%
In French, my name means "Ashes of Plants."AnorexiaNo
83%
My name means "Dark/Black" in Greek.CalciumNo
83%
In French, my name means "Ashes of Plants."CalciumNo
83%
I'm Greek for "Chamber"CalciumNo
83%
I'm Latin for "Mucous."ChlorineNo
83%
In French, my name means "Ashes of Plants."ChlorineNo
83%
I'm Greek for "Lime"ChlorineNo
83%
In French, my name means "Ashes of Plants."InsomniaNo
83%
My name means "Dark/Black" in Greek.InsomniaNo
83%
I'm Greek for "Lime"MedullaNo
83%
I'm Latin for "Little Brain."MedullaNo
83%
In French, my name means "Ashes of Plants."MedullaNo
83%
My name means "Dark/Black" in Greek.MedullaNo
83%
I'm Latin for "Mucous."MelatoninNo
83%
I'm "Panic" in Greek.PhobiaYes
83%
My name means "Dark/Black" in Greek.PhobiaNo
83%
I'm Greek for "Chamber"PinealNo
83%
I'm Greek for "Lime"PinealNo
83%
In Latin, I mean "Marrow" or "Inner".PinealNo
83%
In Latin, my name means "Pine cone."PituitaryNo
83%
I'm Greek for "Lime"PituitaryNo
83%
I'm Greek for "Chamber"PituitaryNo
83%
I'm Latin for "Mucous."PonsNo
83%
My name means "Dark/Black" in Greek.PonsNo
83%
I'm Greek for "Chamber"PsychiatryNo
83%
In French, my name means "Ashes of Plants."PsychiatryNo
83%
I'm Latin for "Mucous."SodiumNo
83%
I'm Latin for "Mucous."ThalamusNo
83%
In French, my name means "Ashes of Plants."ThalamusNo
83%
I'm Greek for "Lime"ThalamusNo
83%
I'm Greek for "Lime"ThyroidNo
83%
In French, my name means "Ashes of Plants."ThyroidNo
83%
I'm Greek for "Chamber"ThyroidNo
83%
I'm Latin for "Mucous."ThyroidNo
83%
My name means "Dark/Black" in Greek.ThyroidNo
83%
I'm Latin for "Mucous."CerebellumNo
78%
I'm Latin for "Little Brain."CerebellumYes
78%
In French, my name means "Ashes of Plants."CerebellumNo
78%
In Greek, my name means "Pale Green."ChlorineYes
78%
I'm Greek for "Chamber"MedullaNo
78%
In French, my name means "Ashes of Plants."MelatoninNo
78%
In French, my name means "Ashes of Plants."PhobiaNo
78%
In French, my name means "Ashes of Plants."PinealNo
78%
In French, my name means "Ashes of Plants."PituitaryNo
78%
I'm Latin for "Bridge."PituitaryNo
78%
I'm Greek for "Chamber"PonsNo
78%
I'm Greek for "Lime"SodiumNo
78%
I'm Greek for "Chamber"CerebellumNo
72%
I'm Greek for "Lime"PonsNo
72%
In French, my name means "Ashes of Plants."PonsNo
72%
In French, my name means "Ashes of Plants."SodiumNo
72%
I'm Latin for "Bridge."ThalamusNo
72%
I'm Latin for "Mucous."MedullaNo
67%
My name means "Dark/Black" in Greek.MelatoninYes
67%
In Latin, my name means "Pine cone."PinealYes
67%
In Latin, I mean "Marrow" or "Inner".MedullaYes
61%
I'm Latin for "Bridge."PonsYes
56%
In French, my name means "Ashes of Plants."PotassiumYes
39%
I'm Greek for "Chamber"ThalamusYes
39%
I'm Greek for "Lime"CalciumYes
22%
I'm Latin for "Mucous."PituitaryYes
17%

Score Distribution

Percentile by Number Answered

Percent of People with Each Score

Your Score History

You have not taken this quiz